Toán học, lớp 5B (Dành cho Hs tiểu học)

Сохранить в:
Библиографические подробности
Формат:
Метки: Добавить метку
Нет меток, Требуется 1-ая метка записи!
Thư viện lưu trữ: Mạng thư viện Đại học Đà Nẵng
LEADER 00425nam a22001691a 4500
001 000040061
003 16356
005 20160412022722.0
008 160412s0 000
082 |a 4N(TK)1376-80 
245 |a Toán học, lớp 5B (Dành cho Hs tiểu học) 
OWN |a LNN 
999 |a From the UDN01 
TYP |a Monograph 
980 |a Mạng thư viện Đại học Đà Nẵng